| 000 | 00521nam a22001457a 4500 | ||
|---|---|---|---|
| 008 | 190601b xxu||||| |||| 00| 0 eng d | ||
| 020 | _a9788565710145 | ||
| 082 |
_a779.092 _bV496d |
||
| 100 |
_aVerger, Pierre _97063 |
||
| 245 | _aDorminhocos / Pierre Verger | ||
| 260 |
_aRio de Janeiro _bTisara _c2018 |
||
| 300 |
_a116 p. _bil. _c27 x 28 cm |
||
| 650 |
_2Arte Contemporáneo _vArte - Exhibiciones _xArte - Fotografía _xArte - Etnología _xArte - Catálogo de Exhibiciones _97064 |
||
| 700 |
_aRafael Fonseca (curador) _97065 |
||
| 999 |
_c1798 _d1798 |
||